[Event "ch-CHN Women 2018"]
[Site "Xinghua CHN"]
[Date "2018.04.26"]
[Round "8.3"]
[White "Ning, Kaiyu"]
[Black "Ren, Xiaoyi"]
[Result "1-0"]
[WhiteElo "2176"]
[BlackElo "2263"]
[WhiteFideId "8614750"]
[BlackFideId "8608709"]
[EventDate "2018.04.18"]

1. d4 d5 2. c4 c6 3. Nf3 Nf6 4. e3 e6 5. Nc3 Nbd7 6. Bd3 Bd6 7. O-O O-O 8. e4
dxc4 9. Bxc4 e5 10. Be3 exd4 11. Bxd4 Qc7 12. Bb3 Ne5 13. Nxe5 Bxe5 14. Bxe5
Qxe5 15. f4 Qc5+ 16. Kh1 Re8 17. e5 Ng4 18. Ne4 Qf8 19. Nd6 Rd8 20. Qf3 Nh6 21.
h3 Rb8 22. g4 Be6 23. Bxe6 fxe6 24. Qb3 Qe7 25. f5 Nf7 26. Nxf7 Qxf7 27. fxe6
Qe7 28. Rf7 Qe8 29. Raf1 Rd5 30. R1f5 Qxe6 31. Qxb7 Rd1+ 32. Kh2 Rd2+ 33. Kg1
Rd1+ 34. Kf2 Qxf5+ 35. gxf5 Rxb7 36. Rxb7 Rd5 37. Rb8+ Kf7 38. e6+ Ke7 39. Rb7+
Kf8 40. Rf7+ Ke8 41. Rxg7 Rxf5+ 42. Kg3 Ra5 43. a3 Rb5 44. Rxh7 a5 45. Kf4 Rxb2
46. Ke5 Rb3 47. a4 Rb4 48. h4 Rxa4 49. h5 Rh4 50. Kd6 Rd4+ 51. Kxc6 a4 52. h6
Rh4 53. Ra7 Rxh6 54. Kd6 Kf8 55. Ra8+ Kg7 56. Kd7 1-0

[Event "ch-CHN Women 2018"]
[Site "Xinghua CHN"]
[Date "2018.04.26"]
[Round "8.4"]
[White "Gu, Tianlu"]
[Black "Zhu, Jiner"]
[Result "1-0"]
[WhiteTitle "WIM"]
[WhiteElo "2171"]
[BlackElo "2313"]
[WhiteFideId "8603995"]
[BlackFideId "8608059"]
[EventDate "2018.04.18"]

1. e4 c5 2. Nf3 d6 3. d4 cxd4 4. Nxd4 Nf6 5. Nc3 a6 6. g3 Bg4 7. Qd3 e5 8. Nde2
Nbd7 9. a4 Nc5 10. Qe3 h5 11. h3 Be6 12. Bg2 Rc8 13. O-O Be7 14. b3 b6 15. Ba3
Qd7 16. h4 Qc6 17. Rad1 b5 18. axb5 axb5 19. Nd5 Bxd5 20. exd5 Qb6 21. Bh3 Ng4
22. Qf3 Nd7 23. Bxg4 hxg4 24. Qxg4 g6 25. c3 Rh6 26. Bc1 f5 27. Qb4 Rh5 28. Kg2
Qa6 29. f4 Bd8 30. Be3 Ba5 31. Ra1 Ra8 32. Qa3 b4 33. Qa2 Qd3 34. Qd2 Qe4+ 35.
Kg1 Kf7 36. Bf2 bxc3 37. Nxc3 Bxc3 38. Qxc3 Rhh8 39. Qc6 Rad8 40. Ra7 Ke7 41.
Re1 Qf3 42. fxe5 1-0

[Event "ch-CHN Women 2018"]
[Site "Xinghua CHN"]
[Date "2018.04.26"]
[Round "8.5"]
[White "Liu, Manli"]
[Black "Ni, Shiqun"]
[Result "0-1"]
[BlackTitle "WGM"]
[WhiteElo "2183"]
[BlackElo "2444"]
[WhiteFideId "8608121"]
[BlackFideId "8608466"]
[EventDate "2018.04.18"]

1. e4 e6 2. d4 d5 3. Nd2 c5 4. exd5 Qxd5 5. Ngf3 cxd4 6. Bc4 Qd6 7. O-O Nf6 8.
Nb3 Nc6 9. Nbxd4 Nxd4 10. Qxd4 Qxd4 11. Nxd4 Bd7 12. c3 Bc5 13. Bf4 Bxd4 14.
cxd4 Bc6 15. Rac1 Ke7 16. Rfd1 Rhd8 17. f3 Rd7 18. Kf2 Rad8 19. Ke3 Nh5 20. Bg5+
f6 21. Bh4 e5 22. Be1 Rxd4 23. Bb4+ Ke8 24. Rxd4 Rxd4 25. Bc5 Rh4 26. Bxa7 Rxh2
27. Bf1 Nf4 28. Rc2 Nd5+ 29. Kf2 Rh4 30. b3 Kd7 31. a3 e4 32. fxe4 Rf4+ 33. Kg1
Rxe4 34. b4 Re1 35. Kf2 Rb1 36. Bd4 Rd1 37. Ba7 Ba4 38. Rb2 Nc3 39. Be2 Nxe2 40.
Rxe2 Bb5 41. Re3 Rd2+ 42. Kg1 Bc6 43. g3 f5 44. Bc5 Be4 45. Rc3 b5 46. Bf8 g6
47. Bh6 Rg2+ 48. Kf1 Ke6 49. Bf4 Kf6 50. Rc8 g5 51. Bc7 Kg6 52. Be5 Ra2 53. Rg8+
Kh5 54. Rh8 h6 55. Bg7 Kg4 56. Be5 Kf3 57. Rxh6 Rc2 58. Ke1 Re2+ 59. Kd1 Bc2+
60. Kc1 Rxe5 61. Kxc2 Kxg3 0-1

[Event "ch-CHN Women 2018"]
[Site "Xinghua CHN"]
[Date "2018.04.26"]
[Round "8.6"]
[White "Wang, Yu A."]
[Black "Huang, Qian"]
[Result "1/2-1/2"]
[WhiteTitle "IM"]
[BlackTitle "WGM"]
[WhiteElo "2337"]
[BlackElo "2440"]
[WhiteFideId "8601097"]
[BlackFideId "8602689"]
[EventDate "2018.04.18"]

1. Nf3 d5 2. c4 c6 3. cxd5 cxd5 4. d4 Nf6 5. Nc3 Nc6 6. Bf4 Bf5 7. e3 e6 8. Bd3
Bxd3 9. Qxd3 Bd6 10. Bxd6 Qxd6 11. O-O O-O 12. Rfc1 Rfc8 13. Ne2 h6 14. h3 Ne7
15. Rxc8+ Rxc8 16. Rc1 Rxc1+ 17. Nxc1 Qc6 18. Ne2 Nd7 19. Qc3 Qxc3 20. Nxc3 f6
21. Kf1 Kf7 22. Ke2 a6 23. Kd3 Nf5 24. e4 dxe4+ 25. Nxe4 Ke7 26. Nfd2 Nd6 27.
Nxd6 Kxd6 28. Ne4+ Kd5 29. Nc3+ Kd6 30. Ne4+ Kd5 31. Nc3+ Kd6 1/2-1/2

[Event "ch-CHN Women 2018"]
[Site "Xinghua CHN"]
[Date "2018.04.27"]
[Round "9.1"]
[White "Huang, Qian"]
[Black "Li, Xueyi"]
[Result "1-0"]
[WhiteTitle "WGM"]
[WhiteElo "2440"]
[BlackElo "2275"]
[WhiteFideId "8602689"]
[BlackFideId "8605912"]
[EventDate "2018.04.18"]

1. d4 d5 2. Nf3 Nf6 3. c4 e6 4. Nbd2 c6 5. g3 Nbd7 6. Bg2 dxc4 7. Nxc4 b5 8.
Nce5 Bb7 9. O-O Be7 10. Nxf7 Kxf7 11. Ng5+ Kg8 12. Nxe6 Qa5 13. e4 c5 14. e5
Bxg2 15. Kxg2 Qb6 16. exf6 Qb7+ 17. Kg1 Nxf6 18. dxc5 h6 19. Re1 Kf7 20. Bf4 Qd5
21. Nc7 Qxc5 22. Qb3+ Kg6 23. Rac1 Qb4 24. Qc2+ Kf7 25. a3 1-0

[Event "ch-CHN Women 2018"]
[Site "Xinghua CHN"]
[Date "2018.04.27"]
[Round "9.2"]
[White "Ni, Shiqun"]
[Black "Wang, Yu A."]
[Result "1/2-1/2"]
[WhiteTitle "WGM"]
[BlackTitle "IM"]
[WhiteElo "2444"]
[BlackElo "2337"]
[WhiteFideId "8608466"]
[BlackFideId "8601097"]
[EventDate "2018.04.18"]

1. e4 e5 2. Nf3 Nc6 3. Bb5 a6 4. Ba4 Nf6 5. O-O Be7 6. d3 b5 7. Bb3 d6 8. a3 O-O
9. Nc3 Bg4 10. Be3 Nd4 11. Bxd4 exd4 12. Nd5 c5 13. Nf4 Rc8 14. h3 Bd7 15. Qe2
Ne8 16. Rfe1 Nc7 17. e5 d5 18. Nxd5 Nxd5 19. Bxd5 Bxh3 20. Qe4 Bf5 21. Qxf5 Qxd5
22. a4 g6 23. Qf4 b4 24. b3 f5 25. exf6 Bxf6 26. Re4 Bg7 27. Qg4 Rf5 28. Rae1
Rcf8 29. Qg3 g5 30. Re8 h6 31. Qg4 Rf4 32. Rxf8+ Rxf8 33. Nd2 Kh7 34. Re7 Rf7
35. Qe6 Qxe6 36. Rxe6 Rf6 37. Re7 Rc6 38. Nc4 Kg6 39. Kf1 h5 40. Ra7 h4 41. f3
Bf6 42. Kf2 Kf5 43. Na5 Re6 44. Rc7 Be7 45. Nc4 g4 46. fxg4+ Kxg4 47. Nd2 Bd6
48. Rg7+ Kf4 49. Ne4 Be7 50. Rg8 Rh6 51. Rg7 Re6 52. Rh7 Kg4 53. Rh8 Re5 54.
Rg8+ Kf4 55. Rg6 a5 56. Rg7 Re6 57. Rg8 Rh6 58. Rg7 Re6 59. Rh7 Kg4 60. Rh8 Re5
61. Re8 Kf4 62. Ke2 Re6 63. Kd1 Kf5 64. Ke2 Kf4 65. Rh8 Re5 66. Rh6 Kg4 67. Ra6
Bd8 68. Ra8 Bc7 69. Rc8 Re7 70. Rg8+ Kf4 71. Kf2 Bb6 72. Rg6 Rb7 73. Rc6 Ke5 74.
Ke2 Rb8 75. Rh6 Bd8 76. Rh5+ Kf4 77. Rxc5 Be7 78. Rc7 Re8 79. Kf2 Kg4 80. Ke2
Kf4 81. Rd7 Bc5 82. Kd2 Bb6 83. Rf7+ Ke5 84. Rh7 Bd8 85. Rg7 Rf8 86. Ke2 Kd5 87.
g3 hxg3 88. Rxg3 Rh8 89. Rg1 Rh2+ 90. Kd1 Bc7 91. Kc1 Bf4+ 92. Kb2 Kc6 93. Rg6+
Kb7 94. Nc5+ Ka7 95. Ra6+ Kb8 96. Ne4 Bc7 97. Rf6 Rg2 98. Nc5 Bh2 99. Rf7 Rg1
100. Rf2 Bd6 101. Ne4 Bc7 102. Rf7 Kc8 103. Nc5 Bh2 104. Rf5 Re1 105. Ne4 Bc7
106. Rd5 Kb7 107. Rb5+ Kc6 108. Nd2 Re5 109. Rxe5 Bxe5 110. Nc4 Bf4 111. Nxa5+
Kb6 112. Nc4+ Ka6 113. Kb1 Kb7 114. Na5+ Kb6 115. Nc4+ Kc6 116. c3 dxc3 117. Kc2
Kc5 118. Kd1 Kd4 119. Kc2 Kc5 120. a5 Bb8 121. Ne3 Kb5 122. Nc4 Bc7 123. d4 Bxa5
124. Kd3 Bc7 125. Ne3 Bd6 126. Ke4 Kc6 127. Nc2 Bf8 128. Ke5 Bd6+ 129. Ke4 Bf8
130. Kd3 Kb5 131. Ne3 Bd6 132. Ke4 Kc6 133. Nc2 Bf8 134. Ke5 Bd6+ 135. Ke6 Bf8
136. Kf7 Bd6 137. Ke6 Bf8 138. Ne3 Bd6 139. Nc2 Bf8 140. Ne3 Bd6 141. Nc2 1/2-1/2

[Event "ch-CHN Women 2018"]
[Site "Xinghua CHN"]
[Date "2018.04.27"]
[Round "9.3"]
[White "Zhu, Jiner"]
[Black "Liu, Manli"]
[Result "1-0"]
[WhiteElo "2313"]
[BlackElo "2183"]
[WhiteFideId "8608059"]
[BlackFideId "8608121"]
[EventDate "2018.04.18"]

1. e4 e6 2. d4 d5 3. Nc3 dxe4 4. Nxe4 Bd7 5. Nf3 Bc6 6. Bd3 Nd7 7. O-O Ngf6 8.
Ng3 Be7 9. c4 O-O 10. b3 Bxf3 11. Qxf3 c6 12. Bb2 Qc7 13. Rfe1 Rfe8 14. Rad1 Nf8
15. Nf1 Red8 16. h3 Rd7 17. Bb1 Rad8 18. Ne3 Qa5 19. d5 Bb4 20. Bxf6 Bxe1 21.
Qg3 g6 22. Ng4 Bd2 23. Qe5 Rxd5 24. Bxd8 Rxd8 25. Nf6+ Kg7 26. Ne8+ Kh6 27. Qg7+
Kg5 28. Qxf8 Rd7 29. Nd6 1-0

[Event "ch-CHN Women 2018"]
[Site "Xinghua CHN"]
[Date "2018.04.27"]
[Round "9.4"]
[White "Ren, Xiaoyi"]
[Black "Gu, Tianlu"]
[Result "1/2-1/2"]
[BlackTitle "WIM"]
[WhiteElo "2263"]
[BlackElo "2171"]
[WhiteFideId "8608709"]
[BlackFideId "8603995"]
[EventDate "2018.04.18"]

1. d4 d5 2. c4 c6 3. cxd5 cxd5 4. Bf4 Nc6 5. e3 Nf6 6. Nc3 Bf5 7. Nf3 e6 8. Qb3
Bb4 9. Bb5 O-O 10. Bxc6 Bxc3+ 11. Qxc3 Rc8 12. Ne5 Ng4 13. Nxg4 Bxg4 14. Qb4
Rxc6 15. Qxb7 Qc8 16. Qxc8 Rfxc8 17. O-O Be2 18. Rfe1 Bb5 19. e4 dxe4 20. Rac1
Rxc1 21. Rxc1 Rxc1+ 22. Bxc1 Kf8 23. g4 Ke7 24. Kg2 Kd6 25. Bd2 Kd5 26. Bc3 Bc4
27. a3 a6 28. Kg3 Bd3 29. Kf4 Bc2 30. Ke3 Bd1 31. g5 f6 32. gxf6 gxf6 33. Kf4
Be2 34. Ke3 Bd1 35. Kf4 Be2 36. Ke3 Bd1 37. Kf4 1/2-1/2

[Event "ch-CHN Women 2018"]
[Site "Xinghua CHN"]
[Date "2018.04.27"]
[Round "9.5"]
[White "Wang, Jue"]
[Black "Ning, Kaiyu"]
[Result "1-0"]
[WhiteTitle "WGM"]
[WhiteElo "2365"]
[BlackElo "2176"]
[WhiteFideId "8604070"]
[BlackFideId "8614750"]
[EventDate "2018.04.18"]

1. e4 e6 2. d4 d5 3. Nc3 Nf6 4. e5 Nfd7 5. f4 c5 6. Nf3 Nc6 7. Be3 cxd4 8. Nxd4
Bc5 9. Qd2 O-O 10. O-O-O a6 11. Qf2 Nxd4 12. Bxd4 Bxd4 13. Qxd4 b5 14. Bd3 Rb8
15. Rhf1 Qc7 16. Rf3 h6 17. g4 Nc5 18. Ne2 b4 19. Kb1 a5 20. g5 Ba6 21. Bxa6
Nxa6 22. gxh6 Rfc8 23. Rc1 g6 24. f5 exf5 25. e6 fxe6 26. Qf6 Nc5 27. Rg3 1-0

[Event "ch-CHN Women 2018"]
[Site "Xinghua CHN"]
[Date "2018.04.27"]
[Round "9.6"]
[White "Guo, Qi"]
[Black "Zhai, Mo"]
[Result "1/2-1/2"]
[WhiteTitle "IM"]
[BlackTitle "WGM"]
[WhiteElo "2381"]
[BlackElo "2310"]
[WhiteFideId "8604002"]
[BlackFideId "8600201"]
[EventDate "2018.04.18"]

1. d4 Nf6 2. c4 e6 3. Nf3 d5 4. Bg5 dxc4 5. Qa4+ Nbd7 6. Qxc4 Be7 7. Nbd2 O-O 8.
Rc1 c6 9. e3 Qa5 10. Bd3 e5 11. Bxf6 Bxf6 12. b4 Qc7 13. O-O exd4 14. exd4 Qd8
15. b5 cxb5 16. Qxb5 Nb6 17. Be4 Be6 18. Qd3 Bxa2 19. Bxh7+ Kh8 20. Be4 Bd5 21.
Rc5 Rc8 22. Rb1 Kg8 23. Bxd5 Nxd5 24. Rxb7 Nf4 25. Qe4 Rxc5 26. dxc5 Nd3 27.
Rxa7 Nxc5 28. Qc6 Ne6 29. g3 Qd3 30. Qc4 Qxc4 31. Nxc4 Nd4 32. Nfd2 Nb5 33. Rb7
Nc3 34. Nd6 Be5 35. Nf5 Bf6 36. Kg2 g6 37. Nh6+ Kg7 38. Ng4 Rc8 39. Nf3 Ne4 40.
Nfe5 Bxe5 41. Nxe5 Kf6 42. Ng4+ Kg7 43. Re7 Nc5 44. Ne3 Ne6 45. h4 Rc3 46. Ng4
Rc7 47. Re8 Rc5 48. Kh3 Rc2 49. f4 Rc3 50. Kg2 Rc2+ 51. Nf2 Ra2 52. Rc8 Ra4 53.
Rc2 Ra3 54. Rd2 Ra4 55. Ng4 Ra3 56. Ne5 Nc5 57. Rc2 Nd3 58. Nf3 Nb4 59. Rd2 Ra2
60. Rxa2 Nxa2 61. Nd4 f5 62. Kf3 Nc3 63. h5 Kh6 64. hxg6 Kxg6 65. Ke3 Kf6 66.
Ne2 Ne4 67. g4 Ng5 68. gxf5 Kxf5 69. Ng3+ Kg4 70. fxg5 Kxg5 71. Ke4 1/2-1/2

[Event "ch-CHN Women 2018"]
[Site "Xinghua CHN"]
[Date "2018.04.28"]
[Round "10.1"]
[White "Li, Xueyi"]
[Black "Zhai, Mo"]
[Result "0-1"]
[BlackTitle "WGM"]
[WhiteElo "2275"]
[BlackElo "2310"]
[WhiteFideId "8605912"]
[BlackFideId "8600201"]
[EventDate "2018.04.18"]

1. d4 Nf6 2. c4 e6 3. g3 Bb4+ 4. Bd2 a5 5. Bg2 d6 6. Nc3 Nbd7 7. Nf3 e5 8. dxe5
dxe5 9. O-O c6 10. a3 Be7 11. Qc2 Qc7 12. b4 O-O 13. c5 Re8 14. Rac1 axb4 15.
axb4 b6 16. Ng5 bxc5 17. b5 Bb7 18. b6 Nxb6 19. Qb3 c4 20. Qc2 h6 21. Nge4 Nfd5
22. f3 Red8 23. Rb1 Bc8 24. g4 Be6 25. Kh1 Ra3 26. h3 Qa7 27. Rbd1 Rf8 28. Qc1
Rb3 29. Bxh6 Nxc3 30. Bxg7 Kxg7 31. Rd6 Nxe4 32. fxe4 Qa3 0-1

[Event "ch-CHN Women 2018"]
[Site "Xinghua CHN"]
[Date "2018.04.28"]
[Round "10.2"]
[White "Ning, Kaiyu"]
[Black "Guo, Qi"]
[Result "1/2-1/2"]
[BlackTitle "IM"]
[WhiteElo "2176"]
[BlackElo "2381"]
[WhiteFideId "8614750"]
[BlackFideId "8604002"]
[EventDate "2018.04.18"]

1. d4 Nf6 2. Nf3 d5 3. c4 e6 4. Nc3 Bb4 5. Bg5 dxc4 6. e3 b5 7. a4 c6 8. Be2 Bb7
9. O-O a6 10. Ne5 Nbd7 11. f4 Be7 12. Qe1 h6 13. Bh4 O-O 14. Bf3 Qc7 15. Qg3 b4
16. Bxf6 Nxf6 17. Ne2 c5 18. Bxb7 Qxb7 19. Nxc4 cxd4 20. Nxd4 Bc5 21. Nb3 Ba7
22. Kh1 Qe4 23. Rac1 Rfd8 24. h3 Rd3 25. Nbd2 Qd5 26. Qe1 Rd8 27. e4 Qh5 28. Nf3
Ng4 29. Qg3 f5 30. exf5 exf5 31. Rce1 Bd4 32. Re2 Nf6 33. Qe1 Ne4 34. Rxe4 fxe4
35. Qxe4 Bf6 36. Nce5 Bxe5 37. fxe5 Rd1 38. Rxd1 Rxd1+ 39. Kh2 Qe8 40. Qxb4 Qe6
41. Qb8+ Kh7 42. Qc7 Qf5 43. Qc4 Qb1 44. Qxa6 Qxb2 45. Qc4 Qb1 46. Qg4 Rh1+ 47.
Kg3 Qg6 48. Nh4 Qxg4+ 49. Kxg4 Ra1 50. Kf5 Rxa4 51. Ng6 Ra2 52. Nf4 g5 53. Nh5
Rf2+ 54. Ke6 Kg6 55. g4 Rf3 56. Kd7 Rxh3 57. Ke6 Ra3 58. Ke7 Ra7+ 59. Ke6 Ra6+
60. Ke7 Ra4 61. Nf6 h5 62. gxh5+ Kf5 63. h6 Rh4 64. h7 Kxe5 65. Kf7 Kf5 66. Kg7
g4 67. Nxg4 Rxg4+ 68. Kf7 Rh4 69. Kg7 Rg4+ 70. Kf7 Ra4 71. h8=Q Ra7+ 72. Kg8
Ra8+ 73. Kg7 Rxh8 1/2-1/2

[Event "ch-CHN Women 2018"]
[Site "Xinghua CHN"]
[Date "2018.04.28"]
[Round "10.3"]
[White "Gu, Tianlu"]
[Black "Wang, Jue"]
[Result "0-1"]
[WhiteTitle "WIM"]
[BlackTitle "WGM"]
[WhiteElo "2171"]
[BlackElo "2365"]
[WhiteFideId "8603995"]
[BlackFideId "8604070"]
[EventDate "2018.04.18"]

1. e4 c5 2. Nf3 d6 3. d4 cxd4 4. Nxd4 Nf6 5. Nc3 a6 6. g3 e5 7. Nde2 Be7 8. Bg2
b5 9. Nd5 Nbd7 10. Nec3 Nb6 11. Nxe7 Qxe7 12. Bg5 O-O 13. a4 b4 14. Bxf6 Qxf6
15. Nd5 Nxd5 16. Qxd5 Rb8 17. O-O Rb6 18. a5 Rb5 19. Qd2 Qd8 20. Rfd1 Rxa5 21.
Rxa5 Qxa5 22. Qxd6 Bg4 23. f3 Be6 24. Bf1 h5 25. b3 Rc8 26. Rd2 Qa1 27. Kf2 a5
28. f4 Qc1 29. Qd3 Rc3 30. Qd8+ Kh7 31. f5 Rxc2 32. Rxc2 Qxc2+ 33. Kg1 Qc5+ 34.
Kg2 Bxb3 35. f6 Qd4 36. Qe7 Qxe4+ 37. Kg1 Qd4+ 0-1

[Event "ch-CHN Women 2018"]
[Site "Xinghua CHN"]
[Date "2018.04.28"]
[Round "10.4"]
[White "Liu, Manli"]
[Black "Ren, Xiaoyi"]
[Result "1/2-1/2"]
[WhiteElo "2183"]
[BlackElo "2263"]
[WhiteFideId "8608121"]
[BlackFideId "8608709"]
[EventDate "2018.04.18"]

1. e4 e5 2. Nf3 Nf6 3. Nxe5 d6 4. Nf3 Nxe4 5. Qe2 Qe7 6. d3 Nf6 7. Bg5 Qxe2+ 8.
Bxe2 Be7 9. Nc3 c6 10. O-O-O Na6 11. Rhe1 Nc7 12. Ne4 Nxe4 13. dxe4 Bxg5+ 14.
Nxg5 Ke7 15. f4 Ne6 16. Nxe6 Bxe6 17. f5 Bd7 18. c4 f6 19. Kc2 Rad8 20. Rd3 Rhe8
21. Bh5 Rh8 22. Bf3 Rhe8 23. Bh5 Rh8 24. Bf3 Rhe8 25. Bh5 1/2-1/2

[Event "ch-CHN Women 2018"]
[Site "Xinghua CHN"]
[Date "2018.04.28"]
[Round "10.5"]
[White "Wang, Yu A."]
[Black "Zhu, Jiner"]
[Result "0-1"]
[WhiteTitle "IM"]
[WhiteElo "2337"]
[BlackElo "2313"]
[WhiteFideId "8601097"]
[BlackFideId "8608059"]
[EventDate "2018.04.18"]

1. e4 g6 2. d4 Bg7 3. Nc3 c6 4. Be3 d5 5. Qd2 dxe4 6. Nxe4 Nd7 7. Nf3 Ngf6 8.
Nxf6+ Nxf6 9. Bc4 Ne4 10. Qe2 Qa5+ 11. c3 Bg4 12. h3 Qh5 13. O-O-O Bxf3 14. gxf3
Nd6 15. Bb3 O-O 16. h4 Qb5 17. Qxb5 Nxb5 18. d5 Nd6 19. h5 Rfd8 20. hxg6 hxg6
21. dxc6 bxc6 22. Ba4 Rac8 23. Bxa7 Ra8 24. Bb6 Rdc8 25. Bb3 c5 26. a4 c4 27.
Bc2 Ra6 28. Be3 Ra5 29. Rhe1 Bf6 30. Bb6 Ra6 31. Be3 Ra5 32. Bb6 Ra6 33. a5 Nb7
34. Rd5 Rca8 35. Re4 Rc8 36. Ba4 e6 37. Bd7 Rb8 38. Rd1 Nxa5 39. Bxa5 Rxa5 40.
Rxc4 Ra1+ 41. Kc2 Rxd1 42. Kxd1 Rxb2 43. Rc8+ Kg7 44. c4 Rxf2 45. Bc6 Bd4 46.
Rc7 Ra2 47. Be8 Ra7 48. Rxa7 Bxa7 49. Ke2 Kf8 50. Ba4 Ke7 51. f4 f5 52. Kf3 Kf6
53. Be8 Bd4 54. Kg3 Ba7 55. Kf3 Bb6 56. Kg3 Bc7 57. Kf3 Bd6 58. Ke3 e5 59. fxe5+
Bxe5 60. Kf3 g5 61. Bh5 Kg7 62. c5 Kh6 63. Bf7 g4+ 64. Kg2 f4 65. Bd5 Kg5 66.
Bb7 Bd4 67. Bd5 Bxc5 68. Bc6 Bd6 69. Bb7 Bb4 70. Bc6 Be1 71. Kf1 Bg3 72. Ke2 Kh4
73. Bg2 Kh5 74. Bc6 Bh4 75. Bb7 Be7 76. Kf2 Kh4 77. Kg2 Bb4 78. Bc6 Be1 79. Bb7
Bg3 80. Bc6 Be1 81. Bd5 Ba5 82. Bc6 Kg5 83. Bd5 Kf6 84. Bb7 Be1 85. Bc8 Kg5 86.
Bb7 Bh4 87. Bc6 Kf6 88. Bb7 Ke5 89. Bc6 Kd4 90. Bd7 f3+ 91. Kf1 g3 92. Bh3 Be7
93. Bg4 Ke4 94. Bh3 Bc5 0-1

[Event "ch-CHN Women 2018"]
[Site "Xinghua CHN"]
[Date "2018.04.29"]
[Round "11.1"]
[White "Ni, Shiqun"]
[Black "Li, Xueyi"]
[Result "1/2-1/2"]
[WhiteTitle "WGM"]
[WhiteElo "2444"]
[BlackElo "2275"]
[WhiteFideId "8608466"]
[BlackFideId "8605912"]
[EventDate "2018.04.18"]

1. e4 c5 2. Nf3 d6 3. d4 cxd4 4. Qxd4 Nc6 5. Bb5 Bd7 6. Qd3 a6 7. Bxc6 Bxc6 8.
c4 Nf6 9. Nc3 g6 10. O-O Bg7 11. h3 O-O 12. Nd4 Qc7 13. Be3 e6 14. Rac1 Rad8 15.
f4 Qe7 16. Rcd1 Nh5 17. Nde2 Rfe8 18. Bb6 Rd7 19. Qe3 f5 20. exf5 exf5 21. Qf2
Qf7 22. b3 d5 23. cxd5 Bxd5 24. Rd2 Bc6 25. Rxd7 Bxd7 26. Rd1 Bc6 27. Bd4 Nf6
28. Be5 Ne4 29. Nxe4 Bxe4 30. Bxg7 Qxg7 31. Nd4 Rd8 32. Rd2 Re8 33. Nf3 Bxf3 34.
Qxf3 Qf7 1/2-1/2

[Event "ch-CHN Women 2018"]
[Site "Xinghua CHN"]
[Date "2018.04.29"]
[Round "11.2"]
[White "Zhu, Jiner"]
[Black "Huang, Qian"]
[Result "1/2-1/2"]
[BlackTitle "WGM"]
[WhiteElo "2313"]
[BlackElo "2440"]
[WhiteFideId "8608059"]
[BlackFideId "8602689"]
[EventDate "2018.04.18"]

1. e4 g6 2. d4 Bg7 3. Nf3 d6 4. Nc3 Nf6 5. Be2 O-O 6. O-O c5 7. dxc5 dxc5 8. h3
Nc6 9. Be3 b6 10. e5 Nd7 11. Qd5 Ndb8 12. Rad1 Qc7 13. Qe4 Be6 14. Nd5 Bxd5 15.
Rxd5 e6 16. Rd2 Nd7 17. Bf4 Ndxe5 18. Re1 Rad8 19. Rxd8 Rxd8 20. Kh1 f6 21. Bc4
Rd6 22. Bxe5 Nxe5 23. Nxe5 fxe5 24. c3 Bf6 25. Qg4 Kg7 26. Rd1 Kf7 27. Rxd6 Qxd6
28. Qe4 Qd7 29. Qd3 Qxd3 30. Bxd3 Bg5 31. g3 Bc1 32. b4 Kf6 33. bxc5 bxc5 34.
Be4 Ke7 35. c4 Kd6 36. Kg2 Kc7 37. Kf3 Kb6 38. Bc2 Ka5 39. Ke4 Bb2 40. f3 Kb4
41. Kd3 Bd4 42. g4 h5 43. a4 h4 44. Bd1 g5 45. Bc2 e4+ 46. fxe4 Ka5 47. Bd1 Be5
48. Ke3 Kb6 49. Kd3 Kc7 50. Ke3 Kd6 51. a5 a6 52. Kd3 Bf6 53. e5+ Bxe5 54. Bf3
Kc7 55. Kc2 Bg3 56. Kb3 Be1 57. Ka4 Bc3 58. Be4 Bb4 59. Bf3 Bc3 60. Be4 Kd6 61.
Bb7 Be1 62. Bxa6 Kc7 63. Bb5 e5 64. Be8 e4 65. Bg6 e3 66. Bd3 Kc6 67. Be2 Kc7
68. Kb5 Kb7 69. a6+ Ka7 70. Kxc5 Kxa6 71. Kd4 Kb6 72. c5+ Kc7 73. Ke4 Bg3 1/2-1/2

[Event "ch-CHN Women 2018"]
[Site "Xinghua CHN"]
[Date "2018.04.29"]
[Round "11.3"]
[White "Ren, Xiaoyi"]
[Black "Wang, Yu A."]
[Result "0-1"]
[BlackTitle "IM"]
[WhiteElo "2263"]
[BlackElo "2337"]
[WhiteFideId "8608709"]
[BlackFideId "8601097"]
[EventDate "2018.04.18"]

1. d4 Nf6 2. Bf4 c5 3. c3 Qb6 4. Qc1 cxd4 5. cxd4 Nc6 6. e3 d5 7. Nc3 Bf5 8. Nf3
e6 9. Be2 Be7 10. O-O Ne4 11. Nxe4 Bxe4 12. Nd2 Bg6 13. Nb3 Rc8 14. Qd1 O-O 15.
Bh5 Nb4 16. Bxg6 hxg6 17. f3 g5 18. Bg3 Nc2 19. Qd3 Nxa1 20. Rxa1 Qc6 21. Be1
Qc2 22. Qxc2 Rxc2 23. Bc3 b5 24. a3 Rc8 25. Kf1 Bd6 26. h3 R2xc3 27. bxc3 Rxc3
28. Nc5 Bxc5 29. dxc5 Rxc5 30. Ra2 Kf8 31. Ke2 Ke7 32. Kd3 Kd6 33. g4 Rc4 34.
Rb2 Kc5 35. Kd2 e5 36. Rb1 a6 37. Kd3 f6 38. Kd2 d4 39. exd4+ exd4 40. Re1 Rc3
41. a4 bxa4 42. Re6 Rxf3 43. Rxa6 a3 44. Ra7 Rxh3 45. Rxg7 a2 46. Ra7 Rh1 0-1

[Event "ch-CHN Women 2018"]
[Site "Xinghua CHN"]
[Date "2018.04.29"]
[Round "11.4"]
[White "Wang, Jue"]
[Black "Liu, Manli"]
[Result "1-0"]
[WhiteTitle "WGM"]
[WhiteElo "2365"]
[BlackElo "2183"]
[WhiteFideId "8604070"]
[BlackFideId "8608121"]
[EventDate "2018.04.18"]

1. e4 e6 2. d4 d5 3. Nc3 Nf6 4. e5 Nfd7 5. f4 c5 6. Nf3 Nc6 7. Be3 Be7 8. Qd2
O-O 9. dxc5 Nxc5 10. a3 a6 11. Rd1 Qc7 12. Bd3 b6 13. O-O f6 14. Nd4 Bd7 15.
Nxc6 Bxc6 16. Bd4 Nxd3 17. cxd3 f5 18. Qe3 Rab8 19. Rc1 Qb7 20. Rf2 Kh8 21. Rfc2
Rfc8 22. Bxb6 Bd7 23. Bd4 Qb3 24. Qd2 Rg8 25. Ne2 Bd8 26. Bc5 g5 27. Bd6 Ra8 28.
Kh1 a5 29. Bc7 Be7 30. Nd4 Qb7 31. Bd6 Bxd6 32. exd6 Qb6 33. Nc6 Rg7 34. fxg5
Rc8 35. Ne5 Rxc2 36. Rxc2 d4 37. Qf4 Kg8 38. Nxd7 Rxd7 39. Rc8+ Rd8 40. d7 Kf7
41. Rxd8 Qxd8 42. Qxd4 e5 43. Qd5+ Kg6 44. h4 Kh5 45. Qc6 Qb8 46. g6 hxg6 47.
Qf6 1-0

[Event "ch-CHN Women 2018"]
[Site "Xinghua CHN"]
[Date "2018.04.29"]
[Round "11.5"]
[White "Guo, Qi"]
[Black "Gu, Tianlu"]
[Result "0-1"]
[WhiteTitle "IM"]
[BlackTitle "WIM"]
[WhiteElo "2381"]
[BlackElo "2171"]
[WhiteFideId "8604002"]
[BlackFideId "8603995"]
[EventDate "2018.04.18"]

1. d4 Nf6 2. c4 e6 3. Nf3 d5 4. Nc3 c6 5. Bg5 h6 6. Bxf6 Qxf6 7. e3 g6 8. Be2
Bg7 9. O-O O-O 10. e4 Qd8 11. e5 dxc4 12. Bxc4 c5 13. d5 exd5 14. Bxd5 Nc6 15.
Bxc6 bxc6 16. h3 Rb8 17. Qc1 f6 18. b3 fxe5 19. Qe3 Rb4 20. Ne4 Qd5 21. Nfd2 Rd4
22. Rac1 Rd3 23. Qe1 Rd8 24. Rxc5 Qd4 25. Nf3 Rxf3 26. gxf3 Bxh3 27. Rxc6 Kh7
28. Qc3 Bxf1 29. Kxf1 Qd1+ 30. Kg2 Rd3 31. Nf6+ Bxf6 32. Rc7+ Rd7 33. Qc6 Rxc7
34. Qxc7+ Bg7 35. Qxa7 Qd4 36. Qb7 h5 37. a4 Kh6 38. Qe7 Qf4 39. a5 Bf8 40. Qe8
Bc5 41. Qh8+ Kg5 42. Qd8+ Qf6 43. Qd2+ Kh4 44. b4 Bd4 45. Qe1 Qg5+ 46. Kh2 Qf5
47. Qe2 e4 48. Qxe4+ Qxe4 49. fxe4 Bxf2 50. b5 Kg4 51. Kg2 Bc5 52. b6 Kf4 53. b7
Ba7 0-1